Detekcia vybraných udalostí v audio signáloch s využitím NN
Guardado en:
| Autor principal: | |
|---|---|
| Otros Autores: | |
| Formato: | Manuscrito Libro |
| Lenguaje: | eslovaco |
| Publicado: |
Bratislava :
STU v Bratislave FEI,
2024
|
| Materias: | |
| Acceso en línea: | https://opac.crzp.sk/?fn=detailBiblioFormChildUM69J&sid=9A7D98113A4E7D6F06A873A0EB46&seo=CRZP-detail-kniha |
| Etiquetas: |
Sin Etiquetas, Sea el primero en etiquetar este registro!
|
MARC
| LEADER | 00000ntm a22000003a 4500 | ||
|---|---|---|---|
| 001 | stuzp93324 | ||
| 003 | SK-STU | ||
| 005 | 20250430105216.3 | ||
| 007 | ta | ||
| 008 | 150427s2015----xo-----f-mn---000-0-slo-d | ||
| 040 | |a STU |b slo | ||
| 041 | 0 | |a slo | |
| 044 | |a xo | ||
| 100 | 1 | |a Daniš, Lukáš |u 035000 |4 aut |U FEI Fakulta elektrotechniky a informatiky |T FEI Ústav informatiky a matematiky |X 97751 |U E050 |Y 816 |7 97751 | |
| 242 | 0 | 1 | |a Detection of audio events using NN |y eng |
| 245 | 1 | 0 | |a Detekcia vybraných udalostí v audio signáloch s využitím NN |
| 260 | |a Bratislava : |b STU v Bratislave FEI, |c 2024 | ||
| 300 | |a 105 s. | ||
| 650 | 4 | |a detekcia audio signálov |2 slo | |
| 650 | 4 | |a CNN |2 slo | |
| 650 | 4 | |a Melova banka filtrov |2 slo | |
| 650 | 4 | |a CNN |2 eng | |
| 650 | 4 | |a Mel filter bank |2 eng | |
| 650 | 4 | |a detection of audio signals |2 eng | |
| 700 | 1 | |a Kačur, Juraj |u 037000 |k Z1 |4 ths |U FEI Fakulta elektrotechniky a informatiky |T FEI Ústav multimediálnych informačných a komunikačných technológií |X 1861 |U E070 |Y 818 |7 A000001861 | |
| 856 | 4 | |u https://opac.crzp.sk/?fn=detailBiblioFormChildUM69J&sid=9A7D98113A4E7D6F06A873A0EB46&seo=CRZP-detail-kniha | |